Statistiques concernant combien de power ranger peut tu nommez

Cliquez ici pour prendre le quiz!

Statistiques générales

  • Ce quiz a été pris 56 fois
    (18 depuis la dernière actualisation)
  • Le résultat moyen est 58 sur 163

Statistiques - réponses

% Correct
kodaranger bleu dino charge
58%
levi westonranger or ninja steel
58%
ZaytoRanger zénith cosmic fury
58%
zaytoranger rouge dino fury
58%
devon danielsranger rouge beast morphers
50%
ivan de zandarranger or dino charge
50%
mikeranger vert samurai
50%
shelby watkinsranger rose dino charge
50%
tommy oliver1 ranger rouge dans turbo | ranger blanc dans mighty morphin saison 2 | ranger blanc dans mighty morphin saison 3 | +3 others
50%
tyler navarroranger rouge dino charge
50%
adam park1 ranger vert dans turbo | 2 ranger noir dans mighty morphin saison 2 | ranger noir dans mighty morphin saison 3 | ranger vert dans zeo
42%
aiyonranger or dino fury
42%
AiyonRanger or cosmic fury
42%
amelia jonesranger rose dino fury | ranger rouge cosmic fury
42%
antonio garciaranger or samurai
42%
brody romero2 ranger rouge ninja steel
42%
calvin maxwellranger jaune ninja steel
42%
chase randallranger noir dino charge
42%
conner mcknightranger rouge dino tonnerre
42%
dana mitchellranger rose sauvetage éclair
42%
dane romero1 ranger rouge ninja steel
42%
ethan jamesranger bleu dino tonnerre
42%
FernRanger orange cosmic fury
42%
hayley fosterranger blanc ninja steel
42%
izzy garciaranger vert dino fury
42%
Izzy garciaRanger vert cosmic fury
42%
jason lee scott1 ranger rouge dans mighty morphin saison 1 | 2 ranger or dans zeo
42%
javi garciaRanger noir cosmic fury | ranger noir dino fury
42%
jayden shiba1 ranger rouge samurai
42%
kendall morganranger violet dino charge
42%
kendrix morgan1 ranger rose l'autre galaxie
42%
kimberly hart1 ranger rose dans mighty morphin saison 1 | ranger rose dans mighty morphin saison 2
42%
lauren shiba2 ranger rouge samurai
42%
lucas kendallranger bleu dans force du temps
42%
nate silvaranger or beast morphers
42%
ollie akanaRanger bleu cosmic fury | ranger bleu dino fury
42%
orionranger argent dans megaforce
42%
preston tienranger bleu ninja steel
42%
riley griffinranger vert dino charge
42%
robot chevalierrobot chevalier dans megaforce
42%
sarah thompsonranger rose ninja steel
42%
steelranger argent beast morphers
42%
trini kwan1 ranger jaune dans mighty morphin saison 1
42%
zack taylor1 ranger noir dans mighty morphin saison 1
42%
zoey reevesranger jaune beast morphers
42%
aisha campbell2 ranger jaune dans mighty morphin saison 2 | ranger jaune dans mighty morphin saison 3
33%
alyssa enrileranger blanc dans force animale
33%
androsranger rouge dans l'espace
33%
ashley hammond2 ranger jaune dans turbo | ranger jaune dans l'espace
33%
auricoranger rouge alien
33%
billy cranstonranger bleu dans mighty morphin saison 2 | ranger bleu dans mighty morphin saison 3 | ranger bleu dans mighty morphin saison1 | ranger vert alien
33%
blake bradleyranger navy force cyclone
33%
bridge carsonranger vert spd
33%
cam watanaberanger samurai vert force cyclone
33%
carlos valerte2 ranger vert dans turbo | ranger noir dans l'espace
33%
carter graysonranger rouge sauvetage éclair
33%
casey rhodesranger rouge jungle fury
33%
cassie chan2 ranger rose dans turbo | ranger rose dans l'espace
33%
cestriaranger rose alien
33%
cestroranger bleu alien
33%
chad leeranger bleu sauvetage éclair
33%
chip thornranger jaune force mystique
33%
cole evansranger rouge dans forcre animale
33%
corcusranger noir alien
33%
daggeronranger solaris force mystique
33%
danny delgadoranger noir dans force animale
33%
delphineranger blanc alien
33%
dominic harganranger rhino jungle fury
33%
dustin brooksranger jaune force cyclone
33%
emma goodallranger rose megaforce
33%
éric myersranger quantum dans force du temps
33%
gia moranranger jaune megaforce
33%
hunter bradleyranger crimson force cyclone
33%
jack landorsranger rouge spd
33%
jen scottsranger rose dans force du temps
33%
justin stewartranger bleu dans turbo | ranger bleu dans turbo
33%
kai chenranger bleu l'autre galaxie
33%
karone2 ranger rose l'autre galaxie
33%
katherine hillard1 ranger rose dans turbo | 2 ranger rose dans mighty morphin saison 3 | ranger rose dans zeo
33%
katie walkerranger jaune dans force du temps
33%
kelsey winslowranger jaune sauvetage éclair
33%
kévinranger bleu samurai
33%
kira fordranger jaune dino tonnerre
33%
leanbowranger chevalier loup force mystique
33%
leo corbettranger rouge l'autre galaxie
33%
lily chilmanranger jaune jungle fury
33%
madison roccaranger bleu force mystique
33%
max cooperranger bleu dans force animale
33%
merrick balitonranger loup lunaire
33%
mick kanic3 ranger rouge ninja steel
33%
nick russellranger rouge force mystique
33%
rocky desantos2 ranger rouge dans mighty morphin saison 2 | ranger bleu dans zeo | ranger rouge dans mighty morphin saison 3
33%
ryan mitchellranger titanium sauvetage éclair
33%
shane clarkeranger rouge force cyclone
33%
sky tateranger bleu spd
33%
syd drewranger rose spd
33%
tanya sloan1 ranger jaune dans turbo | ranger jaune dans zeo
33%
theo martinranger bleu jungle fury
33%
tideusranger jaune alien
33%
TJ johnson2 ranger rouge dans turbo | ranger bleu dans l'espace
33%
tori hansonranger bleu force cyclone
33%
trent fernandezranger blanc dino tonnerre
33%
tripranger vert dans force du temps
33%
udonnaranger blanc force mystique
33%
vida roccaranger rose force mystique
33%
xander blyranger vert force mystique
33%
z delgadoranger jaune spd
33%
zhaneranger argent dans l'espace
33%
alex drake1 ranger rouge dans force du temps
25%
damon hendersonranger vert l'autre galaxie
25%
dax loranger bleu operation overdrive
25%
dillonranger noir rpm
25%
flynn mcallistairranger bleu rpm
25%
gemranger or rpm
25%
gemmaranger argent rpm
25%
jake hollingranger noir et vert megaforce
25%
joel rawlingranger vert sauvetage éclair
25%
mack hartfordranger rouge operation overdrive
25%
mia watanaberanger rose samurai
25%
mike corbettranger magna défenseur
25%
noah carverranger bleu megaforce
25%
philip 3 de zandarranger graphit dino charge
25%
ravi shawsranger bleu beast morphers
25%
rj finnranger loup jungle fury
25%
ronny robinsonranger jaune operation overdrive
25%
rose ortizranger rose operation overdrive
25%
scott trumanranger rouge rpm
25%
summer landsdownranger jaune rpm
25%
taylor earhartranger jaune dans force animale
25%
trey1 ranger or dans zeo
25%
troy burrowsranger rouge megaforce
25%
tyzonnranger mercure
25%
wes collins2 ranger rouge dans force du temps
25%
will astonranger noir operation overdrive
25%
ziggy groverranger vert rpm
25%
emily hensonranger jaune samurai
17%

Distribution des résultats

Percentile par nombre de réponses

% des personnes avec chaque résultat

Votre développement - résultats

Vous n’avez pas pris ce quiz depuis la dernière actualisation